[Event "DEM U16 2023"]
[Site "Willingen GER"]
[Date "2023.06.01"]
[Round "7"]
[White "Heinrich, John"]
[Black "Lübke, Florentin"]
[Result "1/2-1/2"]
[Termination "normal"]
[Board "4"]
[WhiteElo "2150"]
[BlackElo "1988"]
[WhiteClock "00:16:22"]
[BlackClock "00:31:26"]
[PlyCount "41"]
[WhiteFideId "16259491"]
[BlackFideId "16281799"]
[EventCountry "GER"]
[EventRounds "9"]
[EventType "swiss"]
[EventDate "2023.05.27"]

1. e4 {[%clk 01:30:57]} {[%emt 00:00:02]} c5 {[%clk 01:30:54]} {[%emt
00:00:06]} 2. Nc3 {[%clk 01:31:23]} {[%emt 00:00:04]} Nc6 {[%clk 01:30:45]}
{[%emt 00:00:40]} 3. Bb5 {[%clk 01:31:21]} {[%emt 00:00:32]} Nd4 {[%clk
01:29:28]} {[%emt 00:01:47]} 4. Bc4 {[%clk 01:31:22]} {[%emt 00:00:29]} g6
{[%clk 01:28:50]} {[%emt 00:01:07]} 5. Nf3 {[%clk 01:29:10]} {[%emt 00:02:42]}
a6 {[%clk 01:24:10]} {[%emt 00:05:11]} 6. Nxd4 {[%clk 01:21:46]} {[%emt
00:07:54]} cxd4 {[%clk 01:24:34]} {[%emt 00:00:05]} 7. Qf3 {[%clk 01:17:41]}
{[%emt 00:04:35]} e6 {[%clk 01:24:11]} {[%emt 00:00:53]} 8. Ne2 {[%clk
01:16:57]} {[%emt 00:01:14]} Bg7 {[%clk 01:22:57]} {[%emt 00:01:43]} 9. O-O
{[%clk 01:11:42]} {[%emt 00:05:44]} b5 {[%clk 01:18:17]} {[%emt 00:05:11]} 10.
Bb3 {[%clk 01:07:37]} {[%emt 00:04:35]} Bb7 {[%clk 01:16:54]} {[%emt 00:01:52]}
11. d3 {[%clk 01:05:59]} {[%emt 00:02:08]} f5 {[%clk 01:04:44]} {[%emt
00:12:41]} 12. Ng3 {[%clk 00:57:14]} {[%emt 00:09:15]} Ne7 {[%clk 01:01:37]}
{[%emt 00:03:37]} 13. Qe2 {[%clk 00:54:40]} {[%emt 00:03:04]} O-O {[%clk
01:00:18]} {[%emt 00:01:49]} 14. f4 {[%clk 00:50:32]} {[%emt 00:04:39]} Qb6
{[%clk 00:57:04]} {[%emt 00:03:44]} 15. Qf2 {[%clk 00:39:41]} {[%emt 00:11:21]}
Rac8 {[%clk 00:48:04]} {[%emt 00:09:30]} 16. Bd2 {[%clk 00:32:41]} {[%emt
00:07:30]} a5 {[%clk 00:39:26]} {[%emt 00:09:08]} 17. a4 {[%clk 00:31:20]}
{[%emt 00:01:52]} b4 {[%clk 00:39:07]} {[%emt 00:00:48]} 18. Rae1 {[%clk
00:23:53]} {[%emt 00:07:57]} Rc7 {[%clk 00:36:46]} {[%emt 00:02:51]} 19. Re2
{[%clk 00:20:54]} {[%emt 00:03:29]} Kh8 {[%clk 00:35:19]} {[%emt 00:01:57]} 20.
Rb1 {[%clk 00:16:22]} {[%emt 00:05:03]} Qc5 {[%clk 00:31:26]} {[%emt 00:04:22]}
21. Rbe1 {[%clk 00:16:22]} {[%emt 00:00:30]} 1/2-1/2

[Event "DEM U16 2023"]
[Site "Willingen GER"]
[Date "2023.06.01"]
[Round "7"]
[White "Hecht, Jonas Christian"]
[Black "von Mettenheim, Johannes"]
[Result "0-1"]
[Termination "normal"]
[Board "5"]
[WhiteElo "1949"]
[BlackElo "2329"]
[WhiteClock "00:27:26"]
[BlackClock "00:29:12"]
[PlyCount "88"]
[WhiteFideId "16214846"]
[BlackFideId "16244818"]
[EventCountry "GER"]
[EventRounds "9"]
[EventType "swiss"]
[EventDate "2023.05.27"]

1. e4 {[%clk 01:30:58]} {[%emt 00:00:02]} c6 {[%clk 01:30:56]} {[%emt
00:00:05]} 2. Nf3 {[%clk 01:31:25]} {[%emt 00:00:03]} d5 {[%clk 01:31:19]}
{[%emt 00:00:07]} 3. Nc3 {[%clk 01:31:53]} {[%emt 00:00:02]} dxe4 {[%clk
01:31:12]} {[%emt 00:00:38]} 4. Nxe4 {[%clk 01:32:19]} {[%emt 00:00:03]} Nf6
{[%clk 01:30:56]} {[%emt 00:00:45]} 5. Qe2 {[%clk 01:32:48]} {[%emt 00:00:02]}
Nxe4 {[%clk 01:31:15]} {[%emt 00:00:11]} 6. Qxe4 {[%clk 01:33:17]} {[%emt
00:00:01]} Nd7 {[%clk 01:31:12]} {[%emt 00:00:32]} 7. Bc4 {[%clk 01:33:43]}
{[%emt 00:00:04]} Nf6 {[%clk 01:31:37]} {[%emt 00:00:05]} 8. Ne5 {[%clk
01:34:10]} {[%emt 00:00:03]} e6 {[%clk 01:32:01]} {[%emt 00:00:06]} 9. Qe2
{[%clk 01:34:37]} {[%emt 00:00:03]} b5 {[%clk 01:31:34]} {[%emt 00:00:57]} 10.
Bb3 {[%clk 01:35:06]} Qc7 {[%clk 01:31:28]} {[%emt 00:00:36]} 11. d4 {[%clk
01:31:41]} {[%emt 00:03:56]} Bd6 {[%clk 01:31:52]} {[%emt 00:00:06]} 12. Bf4
{[%clk 01:31:26]} {[%emt 00:00:44]} O-O {[%clk 01:29:53]} {[%emt 00:02:29]} 13.
O-O {[%clk 01:28:55]} {[%emt 00:03:02]} c5 {[%clk 01:23:07]} {[%emt 00:07:16]}
14. dxc5 {[%clk 01:25:33]} {[%emt 00:03:52]} Qxc5 {[%clk 01:23:29]} {[%emt
00:00:07]} 15. Rfd1 {[%clk 01:21:09]} {[%emt 00:04:54]} Bc7 {[%clk 01:20:56]}
{[%emt 00:03:03]} 16. c3 {[%clk 01:09:27]} {[%emt 00:12:12]} Bb7 {[%clk
01:18:11]} {[%emt 00:03:15]} 17. Bc2 {[%clk 01:03:01]} {[%emt 00:06:56]} Rfd8
{[%clk 01:13:42]} {[%emt 00:04:58]} 18. Bg3 {[%clk 01:00:17]} {[%emt 00:03:14]}
Rd5 {[%clk 01:09:39]} {[%emt 00:04:33]} 19. Rxd5 {[%clk 00:57:16]} {[%emt
00:03:30]} Qxd5 {[%clk 01:09:56]} {[%emt 00:00:13]} 20. f3 {[%clk 00:57:10]}
{[%emt 00:00:36]} Nh5 {[%clk 01:06:23]} {[%emt 00:04:04]} 21. Re1 {[%clk
00:49:23]} {[%emt 00:08:16]} Nxg3 {[%clk 01:06:02]} {[%emt 00:00:52]} 22. hxg3
{[%clk 00:49:49]} {[%emt 00:00:05]} Bb6+ {[%clk 00:52:00]} {[%emt 00:14:32]}
23. Kh1 {[%clk 00:50:06]} {[%emt 00:00:12]} g6 {[%clk 00:50:32]} {[%emt
00:01:58]} 24. g4 {[%clk 00:39:38]} {[%emt 00:10:58]} Re8 {[%emt 00:21:44]} 25.
Rd1 {[%clk 00:38:10]} {[%emt 00:01:44]} Qc5 {[%clk 00:20:31]} {[%emt 00:09:31]}
26. Nd7 {[%clk 00:37:48]} {[%emt 00:00:51]} Qc7 {[%clk 00:20:50]} {[%emt
00:00:11]} 27. Nf6+ {[%clk 00:20:29]} {[%emt 00:17:50]} Kf8 {[%clk 00:21:15]}
{[%emt 00:00:06]} 28. Nxe8 {[%clk 00:20:55]} {[%emt 00:00:05]} Qg3 {[%clk
00:20:53]} {[%emt 00:00:51]} 29. Rd4 {[%clk 00:18:20]} {[%emt 00:03:05]} Kxe8
{[%clk 00:12:56]} {[%emt 00:08:26]} 30. Be4 {[%clk 00:09:14]} {[%emt 00:09:36]}
Bxe4 {[%clk 00:05:39]} {[%emt 00:07:48]} 31. Qxe4 {[%clk 00:09:39]} {[%emt
00:00:05]} Kf8 {[%clk 00:06:02]} {[%emt 00:00:07]} 32. g5 {[%clk 00:04:18]}
{[%emt 00:05:51]} Qxg5 {[%clk 00:05:20]} {[%emt 00:01:12]} 33. Qf4 {[%clk
00:03:25]} {[%emt 00:01:22]} Qh5+ {[%clk 00:05:31]} {[%emt 00:00:20]} 34. Qh4
{[%clk 00:03:43]} {[%emt 00:00:12]} Bxd4 {[%clk 00:05:33]} {[%emt 00:00:28]}
35. Qxh5 {[%clk 00:04:11]} {[%emt 00:00:03]} gxh5 {[%clk 00:05:56]} {[%emt
00:00:06]} 36. cxd4 {[%clk 00:04:37]} {[%emt 00:00:03]} Ke7 {[%clk 00:05:08]}
{[%emt 00:01:18]} 37. Kg1 {[%clk 00:04:51]} {[%emt 00:00:16]} Kd6 {[%clk
00:04:51]} {[%emt 00:00:47]} 38. Kf2 {[%clk 00:05:17]} {[%emt 00:00:04]} Kd5
{[%clk 00:03:56]} {[%emt 00:01:25]} 39. Ke3 {[%clk 00:05:42]} {[%emt 00:00:04]}
h4 {[%clk 00:03:08]} {[%emt 00:01:19]} 40. Kd3 {[%clk 00:05:34]} {[%emt
00:00:38]} f6 {[%clk 00:01:59]} {[%emt 00:01:40]} 41. Ke3 {[%clk 00:26:24]}
{[%emt 00:09:39]} e5 {[%clk 00:28:37]} {[%emt 00:03:52]} 42. dxe5 {[%clk
00:26:42]} {[%emt 00:00:12]} Kxe5 {[%clk 00:29:01]} {[%emt 00:00:06]} 43. f4+
{[%clk 00:27:04]} {[%emt 00:00:08]} Kf5 {[%clk 00:29:22]} {[%emt 00:00:10]} 44.
Kf3 {[%clk 00:27:26]} {[%emt 00:00:08]} a5 {[%clk 00:29:12]} {[%emt 00:00:39]}
0-1

[Event "DEM U16 2023"]
[Site "Willingen GER"]
[Date "2023.06.01"]
[Round "7"]
[White "Heinisch, Niklas"]
[Black "Metzdorf, Matteo"]
[Result "0-1"]
[Termination "normal"]
[Board "6"]
[WhiteElo "1903"]
[BlackElo "2099"]
[WhiteClock "00:20:20"]
[BlackClock "00:11:54"]
[PlyCount "97"]
[WhiteFideId "16295080"]
[BlackFideId "16209869"]
[EventCountry "GER"]
[EventRounds "9"]
[EventType "swiss"]
[EventDate "2023.05.27"]

1. c4 {[%clk 01:30:58]} {[%emt 00:00:02]} e6 {[%clk 01:30:44]} {[%emt
00:00:16]} 2. e4 {[%clk 01:31:20]} {[%emt 00:00:08]} d5 {[%clk 01:24:23]}
{[%emt 00:06:52]} 3. cxd5 {[%clk 01:31:42]} {[%emt 00:00:08]} exd5 {[%clk
01:24:48]} {[%emt 00:00:05]} 4. exd5 {[%clk 01:32:03]} {[%emt 00:00:09]} Nf6
{[%clk 01:24:19]} {[%emt 00:00:58]} 5. Bb5+ {[%clk 01:32:14]} {[%emt 00:00:20]}
Nbd7 {[%clk 01:16:50]} {[%emt 00:07:59]} 6. Nc3 {[%clk 01:32:26]} {[%emt
00:00:18]} a6 {[%clk 01:12:53]} {[%emt 00:04:28]} 7. Bxd7+ {[%clk 01:12:59]}
{[%emt 00:19:56]} Bxd7 {[%clk 01:07:25]} {[%emt 00:05:58]} 8. Nf3 {[%clk
01:05:24]} {[%emt 00:08:05]} Qe7+ {[%clk 00:49:58]} {[%emt 00:17:57]} 9. Qe2
{[%clk 01:03:23]} {[%emt 00:02:31]} Bg4 {[%clk 00:38:46]} {[%emt 00:11:42]} 10.
Qxe7+ {[%clk 00:40:55]} {[%emt 00:22:58]} Bxe7 {[%clk 00:38:41]} {[%emt
00:00:35]} 11. Ne5 {[%clk 00:40:48]} {[%emt 00:00:36]} Bf5 {[%clk 00:30:31]}
{[%emt 00:08:42]} 12. d4 {[%clk 00:39:35]} {[%emt 00:01:43]} Rd8 {[%clk
00:29:08]} {[%emt 00:01:52]} 13. O-O {[%clk 00:39:04]} {[%emt 00:01:02]} Nxd5
{[%clk 00:28:28]} {[%emt 00:01:10]} 14. Nxd5 {[%clk 00:30:54]} {[%emt
00:08:39]} Rxd5 {[%clk 00:28:52]} {[%emt 00:00:05]} 15. Be3 {[%clk 00:31:00]}
{[%emt 00:00:24]} f6 {[%clk 00:16:23]} {[%emt 00:13:00]} 16. Nf3 {[%clk
00:31:07]} {[%emt 00:00:23]} Kf7 {[%clk 00:15:39]} {[%emt 00:01:14]} 17. Rac1
{[%clk 00:29:20]} {[%emt 00:02:17]} c6 {[%clk 00:15:57]} {[%emt 00:00:13]} 18.
a3 {[%clk 00:29:21]} {[%emt 00:00:29]} Rb5 {[%clk 00:11:32]} {[%emt 00:04:54]}
19. b4 {[%clk 00:27:15]} {[%emt 00:02:36]} a5 {[%clk 00:11:42]} {[%emt
00:00:21]} 20. Nh4 {[%clk 00:26:54]} {[%emt 00:00:51]} Be6 {[%clk 00:06:00]}
{[%emt 00:06:13]} 21. Rb1 {[%clk 00:25:08]} {[%emt 00:02:16]} axb4 {[%clk
00:06:07]} {[%emt 00:00:23]} 22. axb4 {[%clk 00:25:11]} {[%emt 00:00:26]} Bxb4
{[%clk 00:06:04]} {[%emt 00:00:34]} 23. Nf3 {[%clk 00:22:30]} {[%emt 00:03:10]}
Bd5 {[%clk 00:05:55]} {[%emt 00:00:39]} 24. Bd2 {[%clk 00:18:00]} {[%emt
00:05:01]} Bxd2 {[%clk 00:03:50]} {[%emt 00:02:35]} 25. Rxb5 {[%clk 00:17:03]}
{[%emt 00:01:26]} cxb5 {[%clk 00:04:18]} {[%emt 00:00:02]} 26. Nxd2 {[%clk
00:17:27]} {[%emt 00:00:06]} Rc8 {[%clk 00:03:33]} {[%emt 00:01:15]} 27. Rb1
{[%clk 00:17:36]} {[%emt 00:00:21]} Rc2 {[%clk 00:03:50]} {[%emt 00:00:13]} 28.
Nf1 {[%clk 00:17:49]} {[%emt 00:00:17]} Ba2 {[%clk 00:00:40]} {[%emt 00:03:40]}
29. Rxb5 {[%clk 00:15:33]} {[%emt 00:02:47]} Rc1 {[%clk 00:00:55]} {[%emt
00:00:15]} 30. Rxb7+ {[%clk 00:14:49]} {[%emt 00:01:14]} Kg6 {[%clk 00:00:56]}
{[%emt 00:00:29]} 31. Rb4 {[%clk 00:12:53]} {[%emt 00:02:27]} Bc4 {[%clk
00:01:07]} {[%emt 00:00:19]} 32. Rxc4 {[%clk 00:13:13]} {[%emt 00:00:10]} Rxc4
{[%clk 00:01:35]} {[%emt 00:00:01]} 33. d5 {[%clk 00:13:22]} {[%emt 00:00:22]}
Rc5 {[%clk 00:01:55]} {[%emt 00:00:10]} 34. f3 {[%clk 00:12:34]} {[%emt
00:01:18]} Rxd5 {[%clk 00:02:22]} {[%emt 00:00:02]} 35. Kf2 {[%clk 00:12:45]}
{[%emt 00:00:19]} Rd3 {[%clk 00:01:28]} {[%emt 00:01:25]} 36. h3 {[%clk
00:10:24]} {[%emt 00:02:51]} f5 {[%clk 00:01:29]} {[%emt 00:00:29]} 37. f4
{[%clk 00:09:59]} {[%emt 00:00:54]} Kf6 {[%clk 00:01:13]} {[%emt 00:00:46]} 38.
Ne3 {[%clk 00:06:38]} {[%emt 00:03:52]} g6 {[%clk 00:01:14]} {[%emt 00:00:29]}
39. Ke2 {[%clk 00:04:19]} {[%emt 00:02:50]} Rb3 {[%clk 00:01:06]} {[%emt
00:00:37]} 40. Kf2 {[%clk 00:03:40]} {[%emt 00:01:08]} Ke6 {[%clk 00:01:01]}
{[%emt 00:00:35]} 41. g4 {[%clk 00:29:34]} {[%emt 00:04:37]} fxg4 {[%clk
00:23:43]} {[%emt 00:07:48]} 42. hxg4 {[%clk 00:29:56]} {[%emt 00:00:09]} h5
{[%clk 00:22:52]} {[%emt 00:01:21]} 43. f5+ {[%clk 00:28:04]} {[%emt 00:02:21]}
gxf5 {[%clk 00:23:00]} {[%emt 00:00:22]} 44. Nxf5 {[%clk 00:22:16]} {[%emt
00:06:18]} Ke5 {[%clk 00:16:33]} {[%emt 00:06:57]} 45. Nh6 {[%clk 00:21:01]}
{[%emt 00:01:45]} Rb6 {[%clk 00:12:46]} {[%emt 00:04:18]} 46. g5 {[%clk
00:20:58]} {[%emt 00:00:32]} Kf4 {[%clk 00:12:04]} {[%emt 00:01:12]} 47. Nf7
{[%clk 00:20:43]} {[%emt 00:00:46]} Rb2+ {[%clk 00:12:06]} {[%emt 00:00:27]}
48. Kg1 {[%clk 00:20:20]} {[%emt 00:00:53]} Kg3 {[%clk 00:11:54]} {[%emt
00:00:42]} 49. Kf1 {[%emt 00:00:04]} 0-1

[Event "DEM U16 2023"]
[Site "Willingen GER"]
[Date "2023.06.01"]
[Round "7"]
[White "Möller, Maurin"]
[Black "Zhou, Lepu Coco"]
[Result "1-0"]
[Termination "normal"]
[Board "7"]
[WhiteElo "2140"]
[BlackElo "2001"]
[WhiteClock "00:02:27"]
[BlackClock "00:13:11"]
[PlyCount "95"]
[WhiteFideId "16265696"]
[BlackFideId "16217136"]
[EventCountry "GER"]
[EventRounds "9"]
[EventType "swiss"]
[EventDate "2023.05.27"]

1. Nf3 {[%clk 01:30:54]} {[%emt 00:00:05]} Nf6 {[%clk 01:30:28]} {[%emt
00:00:33]} 2. d4 {[%clk 01:31:03]} {[%emt 00:00:20]} d5 {[%clk 01:30:29]}
{[%emt 00:00:29]} 3. g3 {[%clk 01:30:31]} {[%emt 00:01:03]} e6 {[%clk
01:30:07]} {[%emt 00:00:52]} 4. Bg2 {[%clk 01:30:27]} {[%emt 00:00:34]} Be7
{[%clk 01:29:28]} {[%emt 00:01:09]} 5. O-O {[%clk 01:29:51]} {[%emt 00:01:06]}
O-O {[%clk 01:29:38]} {[%emt 00:00:19]} 6. c4 {[%clk 01:29:52]} {[%emt
00:00:30]} dxc4 {[%clk 01:27:56]} {[%emt 00:02:13]} 7. Ne5 {[%clk 01:29:35]}
{[%emt 00:00:47]} c6 {[%clk 01:27:48]} {[%emt 00:00:38]} 8. Nc3 {[%clk
01:27:39]} {[%emt 00:02:26]} Nd5 {[%clk 01:25:52]} {[%emt 00:02:25]} 9. Nxc4
{[%clk 01:26:10]} {[%emt 00:02:00]} b5 {[%clk 01:24:59]} {[%emt 00:01:23]} 10.
Ne5 {[%clk 01:24:43]} {[%emt 00:01:57]} Bb7 {[%clk 01:24:15]} {[%emt 00:01:13]}
11. e4 {[%clk 01:20:28]} {[%emt 00:04:45]} Nf6 {[%clk 01:22:51]} {[%emt
00:01:54]} 12. Be3 {[%clk 01:14:39]} {[%emt 00:06:18]} Nbd7 {[%clk 01:18:49]}
{[%emt 00:04:32]} 13. Nd3 {[%clk 00:48:56]} {[%emt 00:26:13]} a6 {[%clk
01:15:52]} {[%emt 00:03:28]} 14. Qe2 {[%clk 00:45:33]} {[%emt 00:03:53]} Rc8
{[%clk 01:10:54]} {[%emt 00:05:28]} 15. b4 {[%clk 00:34:53]} {[%emt 00:11:10]}
Qc7 {[%clk 01:05:44]} {[%emt 00:05:39]} 16. Rfd1 {[%clk 00:32:30]} {[%emt
00:02:53]} Qb8 {[%clk 00:56:47]} {[%emt 00:09:27]} 17. f4 {[%clk 00:31:10]}
{[%emt 00:01:50]} Nb6 {[%clk 00:53:36]} {[%emt 00:03:41]} 18. a3 {[%clk
00:26:09]} {[%emt 00:05:31]} Nc4 {[%clk 00:52:10]} {[%emt 00:01:56]} 19. Ne5
{[%clk 00:26:13]} {[%emt 00:00:26]} Nxe3 {[%clk 00:50:25]} {[%emt 00:02:15]}
20. Qxe3 {[%clk 00:25:20]} {[%emt 00:01:23]} Qa7 {[%clk 00:48:52]} {[%emt
00:02:02]} 21. Ne2 {[%clk 00:19:38]} {[%emt 00:06:13]} Rfd8 {[%clk 00:46:58]}
{[%emt 00:02:24]} 22. Bf3 {[%clk 00:18:10]} {[%emt 00:01:58]} Qa8 {[%clk
00:45:02]} {[%emt 00:02:26]} 23. Kg2 {[%clk 00:15:54]} {[%emt 00:02:47]} c5
{[%clk 00:40:06]} {[%emt 00:05:26]} 24. dxc5 {[%clk 00:16:12]} {[%emt
00:00:11]} Bxe4 {[%clk 00:39:49]} {[%emt 00:00:47]} 25. Bxe4 {[%clk 00:16:25]}
{[%emt 00:00:17]} Nxe4 {[%clk 00:39:55]} {[%emt 00:00:23]} 26. Qf3 {[%clk
00:16:13]} {[%emt 00:00:42]} f6 {[%clk 00:38:10]} {[%emt 00:02:16]} 27. Nd7
{[%clk 00:16:09]} {[%emt 00:00:35]} Qb7 {[%clk 00:30:38]} {[%emt 00:08:02]} 28.
Nb6 {[%clk 00:16:12]} {[%emt 00:00:27]} Rb8 {[%clk 00:30:24]} {[%emt 00:00:44]}
29. Rac1 {[%clk 00:15:08]} {[%emt 00:01:34]} Rxd1 {[%clk 00:28:07]} {[%emt
00:02:48]} 30. Rxd1 {[%clk 00:15:37]} {[%emt 00:00:01]} Rd8 {[%clk 00:28:22]}
{[%emt 00:00:14]} 31. Rxd8+ {[%clk 00:10:24]} {[%emt 00:05:43]} Bxd8 {[%clk
00:28:46]} {[%emt 00:00:06]} 32. Nc3 {[%clk 00:09:09]} {[%emt 00:01:45]} f5
{[%clk 00:29:07]} {[%emt 00:00:09]} 33. Nxe4 {[%clk 00:09:08]} {[%emt
00:00:31]} fxe4 {[%clk 00:29:28]} {[%emt 00:00:08]} 34. Qe3 {[%clk 00:09:11]}
{[%emt 00:00:28]} Qc6 {[%clk 00:29:32]} {[%emt 00:00:26]} 35. Kf2 {[%clk
00:07:06]} {[%emt 00:02:35]} Bxb6 {[%clk 00:24:23]} {[%emt 00:05:39]} 36. cxb6
{[%clk 00:07:31]} {[%emt 00:00:05]} Qc2+ {[%clk 00:24:33]} {[%emt 00:00:20]}
37. Kg1 {[%clk 00:06:52]} {[%emt 00:01:09]} Qd1+ {[%clk 00:22:33]} {[%emt
00:02:31]} 38. Kg2 {[%clk 00:07:16]} {[%emt 00:00:06]} Qd5 {[%clk 00:22:54]}
{[%emt 00:00:09]} 39. Qc5 {[%clk 00:06:40]} {[%emt 00:01:06]} Qd2+ {[%clk
00:20:49]} {[%emt 00:02:35]} 40. Kh3 {[%clk 00:05:39]} {[%emt 00:01:31]} Qd7
{[%clk 00:19:18]} {[%emt 00:02:01]} 41. Qc7 {[%clk 00:03:16]} {[%emt 00:02:53]}
Qd5 {[%clk 00:19:20]} {[%emt 00:00:27]} 42. Qe5 {[%clk 00:02:19]} {[%emt
00:01:28]} Qd7 {[%clk 00:14:51]} {[%emt 00:04:59]} 43. Qb8+ {[%clk 00:01:12]}
{[%emt 00:01:37]} Kf7 {[%clk 00:15:12]} {[%emt 00:00:10]} 44. Qa7 {[%clk
00:01:23]} {[%emt 00:00:19]} Ke8 {[%clk 00:14:42]} {[%emt 00:00:59]} 45. b7
{[%clk 00:01:24]} {[%emt 00:00:30]} e5+ {[%clk 00:14:14]} {[%emt 00:00:58]} 46.
g4 {[%clk 00:01:44]} {[%emt 00:00:09]} Qd3+ {[%clk 00:13:12]} {[%emt 00:01:33]}
47. Kh4 {[%clk 00:02:04]} {[%emt 00:00:10]} Qd8+ {[%clk 00:13:11]} {[%emt
00:00:31]} 48. g5 {[%clk 00:02:27]} {[%emt 00:00:07]} 1-0

[Event "DEM U16 2023"]
[Site "Willingen GER"]
[Date "2023.06.01"]
[Round "7"]
[White "Prieb, Robert"]
[Black "Bock, Marlon"]
[Result "1/2-1/2"]
[Termination "normal"]
[Board "8"]
[WhiteTitle "CM"]
[WhiteElo "2113"]
[BlackElo "1954"]
[WhiteClock "00:30:38"]
[BlackClock "00:06:39"]
[PlyCount "94"]
[WhiteFideId "16212002"]
[BlackFideId "16244931"]
[EventCountry "GER"]
[EventRounds "9"]
[EventType "swiss"]
[EventDate "2023.05.27"]

1. d4 {[%clk 01:30:58]} {[%emt 00:00:01]} d5 {[%clk 01:30:56]} {[%emt
00:00:04]} 2. c4 {[%clk 01:31:17]} {[%emt 00:00:12]} c6 {[%clk 01:31:23]}
{[%emt 00:00:03]} 3. Nf3 {[%clk 01:31:34]} {[%emt 00:00:12]} Nf6 {[%clk
01:31:42]} {[%emt 00:00:12]} 4. Qc2 {[%clk 01:31:37]} {[%emt 00:00:27]} e6
{[%clk 01:31:36]} {[%emt 00:00:36]} 5. Nc3 {[%clk 01:31:02]} {[%emt 00:01:04]}
Nbd7 {[%clk 01:31:54]} {[%emt 00:00:12]} 6. e3 {[%clk 01:30:56]} {[%emt
00:00:36]} Bd6 {[%clk 01:32:04]} {[%emt 00:00:21]} 7. Be2 {[%clk 01:31:11]}
{[%emt 00:00:15]} O-O {[%clk 01:31:49]} {[%emt 00:00:45]} 8. O-O {[%clk
01:31:29]} {[%emt 00:00:12]} dxc4 {[%clk 01:31:22]} {[%emt 00:00:58]} 9. Bxc4
{[%clk 01:31:44]} {[%emt 00:00:14]} b5 {[%clk 01:31:22]} {[%emt 00:00:30]} 10.
Bd3 {[%clk 01:31:30]} {[%emt 00:00:44]} Bb7 {[%clk 01:31:19]} {[%emt 00:00:34]}
11. e4 {[%clk 01:27:37]} {[%emt 00:04:22]} e5 {[%clk 01:30:37]} {[%emt
00:01:12]} 12. d5 {[%clk 01:21:49]} {[%emt 00:06:18]} b4 {[%clk 01:18:02]}
{[%emt 00:13:05]} 13. dxc6 {[%clk 01:21:10]} {[%emt 00:01:09]} Bxc6 {[%clk
01:18:25]} {[%emt 00:00:08]} 14. Nb5 {[%clk 01:16:25]} {[%emt 00:05:15]} Bxb5
{[%clk 01:14:17]} {[%emt 00:04:38]} 15. Bxb5 {[%clk 01:16:46]} {[%emt
00:00:09]} Rc8 {[%clk 01:12:36]} {[%emt 00:02:11]} 16. Qe2 {[%clk 01:14:01]}
{[%emt 00:03:14]} Nc5 {[%clk 01:09:55]} {[%emt 00:03:11]} 17. Bd3 {[%clk
01:10:00]} {[%emt 00:04:31]} Nxd3 {[%clk 01:04:50]} {[%emt 00:05:36]} 18. Qxd3
{[%clk 01:10:27]} {[%emt 00:00:02]} Bb8 {[%clk 00:57:14]} {[%emt 00:08:06]} 19.
Qe2 {[%clk 01:06:42]} {[%emt 00:04:15]} Qc7 {[%clk 00:51:36]} {[%emt 00:06:08]}
20. Bg5 {[%clk 01:01:38]} {[%emt 00:05:34]} Qc2 {[%clk 00:46:43]} {[%emt
00:05:23]} 21. Rfe1 {[%clk 01:00:43]} {[%emt 00:01:25]} Qxe2 {[%clk 00:41:02]}
{[%emt 00:06:12]} 22. Rxe2 {[%clk 01:01:10]} {[%emt 00:00:03]} Rc4 {[%clk
00:41:14]} {[%emt 00:00:17]} 23. Rc1 {[%clk 00:59:44]} {[%emt 00:01:56]} Rfc8
{[%clk 00:38:03]} {[%emt 00:03:41]} 24. Rxc4 {[%clk 00:58:36]} {[%emt
00:01:38]} Rxc4 {[%clk 00:38:26]} {[%emt 00:00:06]} 25. Bxf6 {[%clk 00:58:54]}
{[%emt 00:00:12]} gxf6 {[%clk 00:36:54]} {[%emt 00:02:03]} 26. g4 {[%clk
00:56:30]} {[%emt 00:02:53]} Bc7 {[%clk 00:34:42]} {[%emt 00:02:42]} 27. Nh4
{[%clk 00:54:49]} {[%emt 00:02:11]} Bb6 {[%clk 00:34:01]} {[%emt 00:01:11]} 28.
Nf5 {[%clk 00:53:39]} {[%emt 00:01:40]} a5 {[%clk 00:29:29]} {[%emt 00:05:03]}
29. b3 {[%clk 00:49:16]} {[%emt 00:04:53]} Rc3 {[%clk 00:26:27]} {[%emt
00:03:31]} 30. Kg2 {[%clk 00:49:05]} {[%emt 00:00:42]} Bd4 {[%clk 00:22:37]}
{[%emt 00:04:20]} 31. Rd2 {[%clk 00:46:55]} {[%emt 00:02:40]} Kf8 {[%clk
00:21:27]} {[%emt 00:01:40]} 32. h4 {[%clk 00:45:27]} {[%emt 00:01:57]} Ke8
{[%clk 00:19:27]} {[%emt 00:02:31]} 33. Nxd4 {[%clk 00:43:55]} {[%emt
00:02:02]} exd4 {[%clk 00:19:52]} {[%emt 00:00:05]} 34. Rxd4 {[%clk 00:44:17]}
{[%emt 00:00:09]} Rc2 {[%clk 00:19:52]} {[%emt 00:00:30]} 35. a3 {[%clk
00:43:39]} {[%emt 00:01:08]} bxa3 {[%clk 00:18:55]} {[%emt 00:01:27]} 36. Ra4
{[%clk 00:43:52]} {[%emt 00:00:16]} a2 {[%clk 00:16:13]} {[%emt 00:03:13]} 37.
Rxa5 {[%clk 00:44:05]} {[%emt 00:00:17]} Rb2 {[%clk 00:14:07]} {[%emt
00:02:36]} 38. Ra7 {[%clk 00:41:20]} {[%emt 00:03:14]} Kf8 {[%clk 00:13:31]}
{[%emt 00:01:06]} 39. h5 {[%clk 00:39:11]} {[%emt 00:02:40]} Kg7 {[%clk
00:12:57]} {[%emt 00:01:04]} 40. Ra6 {[%clk 00:38:51]} {[%emt 00:00:50]} h6
{[%clk 00:12:07]} {[%emt 00:01:21]} 41. Ra8 {[%clk 00:33:56]} {[%emt 00:05:25]}
Kh7 {[%clk 00:09:52]} {[%emt 00:02:45]} 42. Ra4 {[%clk 00:33:11]} {[%emt
00:01:15]} Kg7 {[%clk 00:09:43]} {[%emt 00:00:39]} 43. Ra6 {[%clk 00:32:51]}
{[%emt 00:00:50]} Kh7 {[%clk 00:09:19]} {[%emt 00:00:53]} 44. Kg3 {[%clk
00:31:07]} {[%emt 00:02:15]} Rxb3+ {[%clk 00:09:01]} {[%emt 00:00:48]} 45. f3
{[%clk 00:31:21]} {[%emt 00:00:15]} Rb2 {[%clk 00:08:47]} {[%emt 00:00:44]} 46.
Kf4 {[%clk 00:31:04]} {[%emt 00:00:47]} Kg7 {[%clk 00:07:27]} {[%emt 00:01:51]}
47. Ra8 {[%clk 00:30:38]} {[%emt 00:00:55]} Rc2 {[%clk 00:06:39]} {[%emt
00:01:18]} 1/2-1/2